Sorghum and its products. (Record no. 7711)

MARC details
000 -LEADER
fixed length control field 00742nam a22001811 4500
001 - CONTROL NUMBER
control field agr09002118
003 - CONTROL NUMBER IDENTIFIER
control field DLC
005 - DATE AND TIME OF LATEST TRANSACTION
control field 20260227110929.0
008 - FIXED-LENGTH DATA ELEMENTS--GENERAL INFORMATION
fixed length control field 780425s1867 paua 000 0 eng c
010 ## - LIBRARY OF CONGRESS CONTROL NUMBER
LC control number agr09002118
040 ## - CATALOGING SOURCE
Original cataloging agency Library, U.S. Dept. of Agriculture
Transcribing agency WMaUCS
Modifying agency DLC
070 0# - NATIONAL AGRICULTURAL LIBRARY CALL NUMBER
Classification number 67St4S
100 1# - MAIN ENTRY--PERSONAL NAME
Personal name Stewart, F. L.
245 10 - TITLE STATEMENT
Title Sorghum and its products.
Remainder of title An account of recent investigations concerning the value of sorghum in sugar production, together with a description of a new method of making sugar and refined syrup from this plant. Adapted to common use.
Statement of responsibility, etc. By F. L. Stewart.
260 ## - PUBLICATION, DISTRIBUTION, ETC.
Place of publication, distribution, etc. Philadelphia,
Name of publisher, distributor, etc. J. B. Lippincott & co.,
Date of publication, distribution, etc. 1867.
300 ## - PHYSICAL DESCRIPTION
Extent xiv, [15]-240 p.
Other physical details fold. front., illus.
Dimensions 20 cm.
650 #0 - SUBJECT ADDED ENTRY--TOPICAL TERM
Topical term or geographic name entry element Sorghum.

No items available.

Powered by Koha